LEADER 01553nam a2200313 a 4500 001 000000018631 003 CaOOAMICUS 005 20110923153307.0 008 950117s1967 wau u000 u eng r 035 $a10441564 040 $aPUL(R)$bita 110 2 $aAmerican Catholic Philosophical Association.$0(OLS)http://pul/name/6080 245 14$aThe nature of philosophical inquiry / :$bedited by George F. McLean, O.M.I., and Valerie Voorhies. 260 $aWashington :$bAmerican catholic philosophical association,$c1967. 300 $a273 p. ;$c23 cm 490 1 $aProceedings of the American Catholic Philosophical Association ;$v41 504 $aNote bibliografiche. 650 4$aAnalisi (filosofia).$0(OLS)http://pul/subject/8544 650 4$aEpistemologia.$0(OLS)http://pul/subject/439 650 4$aMetafisica.$0(OLS)http://pul/subject/433 700 1 $aMcLean, George F.,$cO.M.I.$0(OLS)http://pul/name/16537 700 1 $aVoorhies, Valerie.$0(OLS)http://pul/name/16538 830 0$aProceedings of the American Catholic Philosophical Association ;$v41.$0(OLS)http://pul/title/26507 850 $aPUL 852 $aPUL$W1$xSL Filosofia 1$y2$m97 M 1.2$j145884$nBK-PRI$qStampati$B26238$CPULBib$Z2$F26238 $H28616 $82 941 1 $a8 961 $aINV: 28616 996 $6245$aThe nature of philosophical inquiry / :$bedited by George F. McLean, O.M.I., and Valerie Voorhies$9(OLS)http://pul/title/26506 996 $6260$aWashington :$bAmerican catholic philosophical association$9(OLS)http://pul/publisher/55825 LEADER 01453nam a2200337 u 4500 001 000000026778 003 CaOOAMICUS 005 20070226111620.0 008 951116s1937 gw u000 u lat u 035 $a10693019 040 $aPUL$bita$dPUL(R) 041 0 $alat$ager 110 1 $aSacro romano impero.$bImperatore (1056-1108 : Heinrich IV).$0(OLS)http://pul/name/21982 245 14$aDie Briefe Heinrichs IV /$cherausgegeben von Carl Erdmann. 260 $aLeipzig :$bHiersemann,$c1937. 300 $aviii, 80 p. ;$c23 cm 490 1 $aDeutsches Mittelalter ;$v1 500 $aTesto in latino e note in tedesco. 504 $aBibliografia in nota. 651 4$aGermania$xStoria.$0(OLS)http://pul/subject/15440 700 1 $aErdmann, Carl,$d1898-1944.$0(OLS)http://pul/name/958 830 0$aDeutsches Mittelalter ;$v1.$0(OLS)http://pul/title/5744 850 $aPUL 852 $aPUL$W1$xDP1 Fondo Maccarrone$y58$m1501 G 45$j37375$nBK-PRI$b $qFondi$B37375$CPULBib$Z2$F37375 $H $81 852 $aPUL$W1$xSL Cons. Gen., Altre Classi 1$y1$m2017 F 2.1$j118880$nBK-PRI$ac. 2 $qStampati$B37376$CPULBib$Z2$F37376 $H53044 $82 941 1 $a8 941 1 $a1 961 $aINV: 00521 -- Fondo Mons. M. Maccarrone 961 $aINV: 53044 996 $6245$aDie Briefe Heinrichs IV$9(OLS)http://pul/title/36714 996 $6260$aLeipzig :$bHiersemann$9(OLS)http://pul/publisher/59469